| 000 | 00451nam a22001097a 4500 | ||
|---|---|---|---|
| 008 | 150622b xxu||||| |||| 00| 0 eng d | ||
| 010 | _8HCCRSF: 006 | ||
| 245 | _aHIGH COURT CRIMINAL SESSION No.185 of 1970 Uganda Vs Temiseo Ogiki | ||
| 260 | _aHigh Court Kampala | ||
| 500 | _3(original criminal Case No. MH 282 of 1969 in the chief Magistrate's court Masindi Before: J.N. Kakad Esq., Chief Magistrate Grd.1) | ||
| 500 | _3Before: Hon. Mr. Justice Youds | ||
| 999 |
_c6564 _d6564 |
||